Normale Ansicht MARC-Ansicht ISBD

Near abroad : (Titelsatznr. 28580)

[ MARC ]
MARC-Details
000 -Satzkennung
Kontrollfeld mit fester Länge 00830nam a22003131c 4500
001 - Kontrollnummer
Kontrollfeld a987691936
008 - Feld mit fester Länge zur physischen Beschreibung - Allgemeine Angaben
Kontrollfeld mit fester Länge 190517s2017 gw |||| 000u eng d
020 ## - Internationale Standardbuchnummer
Internationale Standardbuchnummer 9780190253301
Verknüpfung 978-0-19-025330-1
041 ## - Sprachcode
Sprachcode des Textes/der Tonspur oder des separaten Titels eng
040 ## - Katalogisierungsquelle
Übertragungsstelle RU-10907106
003 - Kontrollnummer Identifier
Kontrollfeld RU-10907106
100 1# - Haupteintragung - Personenname
Personenname Toal, Gerard
245 00 - Titel
Titel Near abroad :
Zusatz zum Titel Putin, the West, and the contest over Ukraine and the Caucasus /
Verfasserangabe etc. Gerard Toal
264 ## - Produktion, Veröffentlichung, Distribution, Herstellung und Urheberrechtsvermerk
Herstellungs-, Veröffentlichungs- Vertriebs-, Erzeugungsort Oxford :
Produzent, Herausgeber, Distributor, Hersteller Oxford University Press,
Datum der Herstellung, der Veröffentlichung, des Vertriebs oder des Urheberschutzvermerks 2017
300 ## - Physische Beschreibung
Umfang 408 Seiten
650 #0 - Nebeneintragung unter einem Schlagwort - Sachschlagwort
Sachschlagwort oder geografischer Name als Eintragungselement Geopolitik
650 #0 - Nebeneintragung unter einem Schlagwort - Sachschlagwort
Sachschlagwort oder geografischer Name als Eintragungselement Nachbarstaat
650 #0 - Nebeneintragung unter einem Schlagwort - Sachschlagwort
Sachschlagwort oder geografischer Name als Eintragungselement Bewaffneter Konflikt
650 #0 - Nebeneintragung unter einem Schlagwort - Sachschlagwort
Sachschlagwort oder geografischer Name als Eintragungselement Georgien-Krieg
650 #0 - Nebeneintragung unter einem Schlagwort - Sachschlagwort
Sachschlagwort oder geografischer Name als Eintragungselement Ukrainekrieg (2014-)
651 #0 - Nebeneintragung unter einem Schlagwort - Geografischer Name
Geografischer Name Russland
651 #0 - Nebeneintragung unter einem Schlagwort - Geografischer Name
Geografischer Name Ukraine
651 #0 - Nebeneintragung unter einem Schlagwort - Geografischer Name
Geografischer Name Georgien
651 #0 - Nebeneintragung unter einem Schlagwort - Geografischer Name
Geografischer Name Krim
651 #0 - Nebeneintragung unter einem Schlagwort - Geografischer Name
Geografischer Name Moldawien
651 #0 - Nebeneintragung unter einem Schlagwort - Geografischer Name
Geografischer Name Abchasien
651 #0 - Nebeneintragung unter einem Schlagwort - Geografischer Name
Geografischer Name Südossetien
942 ## - Zusätzliche Felder (Koha)
Koha-Medientyp Monographien
Exemplare
Ausgeschieden Verloren Klassifikation oder Aufstellungssystematik Beschädigt Nicht entleihbar Heimatbibliothek Aufenthaltsbibliothek Aufstellungsort Erwerbungsdatum Inventarnummer Signatur Barcode Letzte Aktivität Preis gültig von Koha-Medientyp
    Andere/Generische Klassifikation     MWN Osteuropa MWN Osteuropa Magazin - 2 17/05/2019 19-00957 R 72 c Toa E004015078FB8472 22/02/2021 22/03/2021 Monographien